Quizzes
Events
Quiz Creation
Community
Videos
Private Events
Remove Ads
Sign In
Join for FREE
Feedback
Dark Mode
Quiz Categories
Sports
Geography
Music
Movies
Television
Just For Fun
Miscellaneous
History
Literature
Language
Science
Gaming
Entertainment
Religion
Holiday
For Kids
Quiz Lab
Recent
Popular Today
Quiz Kudos Today
Editor Picks
Curator Picks
Quizzes by...
Day
Popularity
Type
Ratings
Length
Year
Community
Subscriptions
Recent Discussions
Orange Saloon
Badges
Playlists
Quests
Create
Leaderboards
Showdown
Live 5
Trivia Bingo
Activity
Puzzle Library
Sporcle Events
Private Events
Virtual Trivia
Globe League
Become a Host
Pub Owners
SporcleCon
Opinionation
Our Games
Videos
Blog
Mobile Apps
Partnerships
Remove Ads and Go Orange
Feedback
Sports
Athletes
MLB
NBA
NHL
NFL
Soccer
Sports Teams
WWE
NCAA
Football
Premier League
Basketball
Baseball
Hockey
Golf
Tennis
Cricket
Rugby
Auto Racing
Olympics
World Cup
Sports
Athletes
MLB
NBA
NHL
NFL
Soccer
Sports Teams
WWE
NCAA
Football
Premier League
Basketball
Baseball
Hockey
Golf
Tennis
Cricket
Rugby
Auto Racing
Olympics
World Cup
Random Quiz
Search Sporcle
×
Quiz Lab
Quiz Lab
Sports
Stanley
Type in answers that appear in a list
Type in answers that appear in a list
Classic
Best Score? Go Orange.
Number of Stanley Cup Apperances Stats
Can you name the Number of Stanley Cup Apperances by team?
By
smartypants113
6m
30 Questions
28 Plays
28 Plays
28 Plays
Comments
Comments
Give Quiz Kudos
Give Quiz Kudos
-
- Ratings
hide this ad
Replay
Link that replays current quiz
Next Quiz
Link to next quiz in quiz playlist
You Got
0%
They Got
Avg Score
87%
Avg Friend Score
Upgrade to see
Score Distribution
Jump to the score distribution portion of the page
Score
0/30
Timer
06:00
0
Plays Today
# of Apperances
Team
% Correct
34
Montreal Canadiens
100%
21
Toronto Maple Leafs
92.9%
18
Boston Bruins
92.9%
8
Philadelphia Flyers
92.9%
24
Detroit Red Wings
89.3%
11
Chicago Blackhawks
89.3%
10
New York Rangers
89.3%
7
Edmonton Oilers
89.3%
5
New York Islanders
89.3%
4
New Jersey Devils
89.3%
4
Pittsburgh Penguins
89.3%
3
Calgary Flames
89.3%
3
Vancouver Canucks
89.3%
1
Tampa Bay Lightning
89.3%
1
Florida Panthers
89.3%
# of Apperances
Team
% Correct
1
Los Angeles Kings
89.3%
1
Washington Capitals
89.3%
4
Dallas Stars
85.7%
3
St. Louis Blues
85.7%
2
Colorado Avalanche
85.7%
2
Anaheim Ducks
85.7%
2
Buffalo Sabres
85.7%
1
Ottawa Senators
85.7%
0
Columbus Blue Jackets
85.7%
0
Winnipeg Jets
85.7%
2
Carolina Hurricanes
82.1%
0
Nashville Predators
82.1%
0
Phoenix Coyotes
82.1%
0
Minnesota Wild
78.6%
0
San Jose Sharks
75%
Quiz Playlist
Details
Report
Send in Message
Add To Playlist
Classic:
Type in answers that appear in a list
Quiz Source
Last Updated: Feb 16, 2017
Quiz Scoreboard
CHALLENGE
Sign Up to Join the Scoreboard
Show All
Scores
Hide
Comments
May contain spoilers
Recently Published
Billboard Blitz: Fleetwood Mac
by CooCooCachoo
Music
15s
Presidents Visiting Landmarks
by Hejman
History
7m
An Introduction to Baseball
by treessimontrees
Sports
5m
More to Explore
Quiz From the Vault
Featured Blog Post
Where Did the Easter Bunny Come From?
hide this ad
You Might Also Like...
Tags
appearance
cup
loss
Stanley
team
Win
Today's Top Quizzes in Sports
Browse Sports
hide this ad
Today's Top Quizzes in Stanley
Browse Stanley
Top Contributed Quizzes in Sports
1
Les meilleurs buteurs des matchs entre le PSG et l’OM
2
2022 World Cup Stars
3
FIFA Club World Cup Champions
4
Les entraîneurs de l'OM et du PSG au 21e siècle
5
Criteria MLB: Left Handed Sluggers
6
Name the Premier League winners with different clubs
7
5-to-1: UK Sports Teams
8
AFC Teams Reveal (Wrong Answers Minefield)
9
Players with Multiple 50 Home Run Seasons
10
5-to-1: FBS Animal Nicknames
Explore More
Trending Topics
Marvel
Crossword
Anime
Disney
Kpop
Harry Potter
NBA
Pokémon
Song
WWE
Country
NFL
Soccer
Puzzle
The Office
hide this ad
More By:
smartypants113
Quiz
Plays
Rating
Category
Featured
Created
the Harry Potter Teachers of All Time
181
1.00
Literature
Mar 11, 2011
Number of Stanley Cup Apperances
28
Sports
Apr 10, 2012
Go to Creator's Profile
Score Distribution
Quiz Creator Spotlight
smartypants113
Follow
Send a Message
Quizzes Created
-
Created Quiz Play Count
-
More By This Creator
Popular Quizzes Today
1
Find the US States - No Outlines Minefield
2
Find the Countries of Europe - No Outlines Minefield
3
The Countries of the World
4
Find the US States
5
US States
6
Risky Map Clicking: Biggest States A-Z
7
Popular People in 1961
8
Movies - When Are They Set?
More Sports Quizzes
Women's World Cup Winners
Published
Trending Quizzes
Risky Map Clicking: Least Populous States A-Z
1-10 Letter G Words
1-10 Letter F Words
Risky Map Clicking: Next State Alphabetically
Risky Map Clicking: Biggest States A-Z
Recently Updated
Leaping Animals
pecheneg
Reality TV Shows (A-Z)
bhenderson79
Rickey Henderson's Hall of Fame Teammates
pecheneg
Champions League XIs: Arsenal
pecheneg
Quick Pick: Celebrities in WWE's Hall of Fame
aduchscher
A-Z Keypad Blitz II
pecheneg
Multiple Oscar Actors
pecheneg
Mystery Phrase Blitz: Oscar 'Best Actors'
pecheneg
F. Scott Fitzgerald Novels
LTH
Pick 3 Villains
ddd62291
Trending Topics
Crossword
Anime
Harry Potter
Marvel
Kpop
NBA
Disney
The Office
Pokémon
Song
WWE
Country
Soccer
Puzzle
NFL
Your Account Isn't Verified!
In order to create a playlist on Sporcle, you need to verify the email address you used during registration. Go to your
Sporcle Settings
to finish the process.
Report this User
Report this user for behavior that violates our
Community Guidelines
.
Details:
Send Report
Go to the Sporcle.com Mobile Site →
Comments